[Event "HUN-chT2 Erkel 0304"]
[Site "Hungary"]
[Date "2003.09.28"]
[Round "1"]
[White "Koczo, Kristof"]
[Black "Simon, Nandor"]
[Result "1-0"]
[WhiteElo "2119"]
[BlackElo "2105"]
[PlyCount "99"]
[EventDate "2003.09.28"]
[EventType "team-tourn"]
[EventRounds "11"]
[EventCountry "HUN"]
[SourceTitle "EXT 2009"]
[Source "ChessBase"]
[SourceDate "2008.11.26"]
[SourceVersion "1"]
[SourceVersionDate "2008.11.26"]
[SourceQuality "1"]
[WhiteTeam "Honved II"]
[BlackTeam "Heves"]
[WhiteTeamCountry "HUN"]
[BlackTeamCountry "HUN"]

1. d4 Nf6 2. c4 c5 3. d5 b5 4. cxb5 a6 5. bxa6 g6 6. Nc3 Bg7 7. e4 d6 8. Nf3 0-0 9. Be2 Bxa6 10. Bxa6 Nxa6 11. 0-0 Qa5 12. Qe2 Ng4 13. h3 Ne5 14. Nxe5 Bxe5 15. Bg5 Rfb8 16. Bxe7 f6 17. f4 Bd4+ 18. Kh1 Qc7 19. Bxd6 Qxd6 20. Nb5 Rxb5 21. Qxb5 Rb8 22. Qc6 Qxc6 23. dxc6 Re8 24. Rfe1 Nb4 25. Re2 Nxc6 26. a4 Ra8 27. g3 Kf7 28. Kg2 Na5 29. Rc2 Rb8 30. Rac1 Nb3 31. Rd1 Rb4 32. Rd3 Na1 33. Rcd2 Rxa4 34. Ra3 Rxa3 35. bxa3 Nb3 36. Rc2 Ke6 37. Kf3 c4 38. Ke2 c3 39. Kd3 Kd6 40. Kc4 Na1 41. Rxc3 Bf2 42. Rc1 Bxg3 43. Rxa1 Bxf4 44. a4 Kc6 45. a5 Kb7 46. a6+ Ka7 47. Kb5 h5 48. Rd1 g5 49. Rd7+ Ka8 50. a7 1-0

[Event "HUN-chT2 Maroczy 0203"]
[Site "Hungary"]
[Date "2002.10.13"]
[Round "2.11"]
[White "Simon, Nandor"]
[Black "Nagy, Attila1"]
[Result "1-0"]
[WhiteElo "2115"]
[BlackElo "2075"]
[PlyCount "145"]
[EventDate "2002.09.22"]
[EventType "team-tourn"]
[EventRounds "11"]
[EventCountry "HUN"]
[SourceTitle "EXT 2004"]
[Source "ChessBase"]
[SourceDate "2003.11.25"]
[SourceVersion "1"]
[SourceVersionDate "2003.11.25"]
[SourceQuality "1"]
[WhiteTeam "Heves"]
[BlackTeam "BIOGAL SE"]
[WhiteTeamCountry "HUN"]
[BlackTeamCountry "HUN"]

1. e4 c5 2. Nf3 e6 3. c3 Nc6 4. d4 cxd4 5. cxd4 d5 6. exd5 Qxd5 7. Nc3 Bb4 8. Bd3 Nf6 9. 0-0 Qd8 10. Bg5 Be7 11. Bb5 0-0 12. Qa4 Bd7 13. Ne5 a6 14. Bxc6 Bxc6 15. Nxc6 bxc6 16. Qxc6 Qxd4 17. Rfd1 Qe5 18. Bh4 Bb4 19. Bg3 Qf5 20. Qc4 Bc5 21. Qd3 Qg5 22. Ne4 Nxe4 23. Qxe4 Qe7 24. Rd3 f6 25. Rad1 Ra7 26. Bd6 Bxd6 27. Rxd6 e5 28. Qc4+ Qf7 29. Qa4 a5 30. h3 Kh8 31. R1d5 Qc7 32. Qa3 Raa8 33. Rd7 Qc1+ 34. Kh2 Rg8 35. Rc5 Qh6 36. Rcc7 Rab8 37. b3 Qf4+ 38. Kg1 Rbd8 39. Qd6 Rxd7 40. Qxd7 h6 41. Rc4 e4 42. Qd5 f5 43. Qxa5 Qg5 44. Qc3 Re8 45. Rc8 Rxc8 46. Qxc8+ Kh7 47. Qc3 f4 48. Qc2 Qe5 49. f3 Qd4+ 50. Kf1 Qa1+ 51. Kf2 Qd4+ 52. Kf1 Qa1+ 53. Ke2 Qg1 54. Qxe4+ Kh8 55. Qe8+ Kh7 56. Qe4+ Kh8 57. Qg6 Qc1 58. Qe8+ Kh7 59. Qe4+ Kh8 60. Kf2 Qd2+ 61. Kg1 Qxa2 62. b4 Qa1+ 63. Kh2 Qf6 64. b5 Qb2 65. Qc6 Qf2 66. Qe8+ Kh7 67. Qe4+ g6 68. Qxf4 g5 69. Qf7+ Kh8 70. Qg6 Qh4 71. g3 Qc4 72. Qxh6+ Kg8 73. Qxg5+ 1-0

[Event "Eger Agria op"]
[Site "Eger"]
[Date "2002.08.10"]
[Round "7.7"]
[White "Simon, Nandor"]
[Black "Antal, Laszlo"]
[Result "0-1"]
[WhiteElo "2115"]
[BlackElo "2169"]
[PlyCount "52"]
[EventDate "2002.08.??"]
[EventType "swiss"]
[EventRounds "9"]
[EventCountry "HUN"]
[SourceTitle "EXT 2004"]
[Source "ChessBase"]
[SourceDate "2003.11.25"]
[SourceVersion "1"]
[SourceVersionDate "2003.11.25"]
[SourceQuality "1"]

1. e4 e5 2. f4 exf4 3. Bc4 g5 4. Nc3 d6 5. d4 Nf6 6. Nf3 h6 7. h4 g4 8. Bxf4 gxf3 9. Qxf3 Bg4 10. Qf2 Nbd7 11. 0-0 Qe7 12. e5 dxe5 13. Rae1 exf4 14. Rxe7+ Bxe7 15. Re1 Kf8 16. Qxf4 Bd6 17. Qf2 Kg7 18. Ne4 Rhf8 19. Nxd6 cxd6 20. Qf4 Rae8 21. Rxe8 Rxe8 22. Qxd6 Re1+ 23. Kh2 Bd1 24. Qb4 Ng4+ 25. Kg3 Re3+ 26. Kf4 Ndf6 0-1

[Event "Eger Agria op"]
[Site "Eger"]
[Date "2002.08.08"]
[Round "5.6"]
[White "Simon, Nandor"]
[Black "Kaposztas, Miklos"]
[Result "1/2-1/2"]
[WhiteElo "2115"]
[BlackElo "2263"]
[PlyCount "30"]
[EventDate "2002.08.??"]
[EventType "swiss"]
[EventRounds "9"]
[EventCountry "HUN"]
[SourceTitle "EXT 2004"]
[Source "ChessBase"]
[SourceDate "2003.11.25"]
[SourceVersion "1"]
[SourceVersionDate "2003.11.25"]
[SourceQuality "1"]

1. e4 g6 2. d4 Bg7 3. Nc3 c5 4. dxc5 Qa5 5. Bd2 Qxc5 6. Bd3 Nf6 7. f4 0-0 8. Nf3 d6 9. Qe2 Bg4 10. Be3 Qa5 11. 0-0 Nc6 12. Nb5 Bxf3 13. Qxf3 a6 14. Nd4 Qc7 15. c3 Rad8 1/2-1/2

[Event "Gyongyos Matra op 25th"]
[Site "Gyongyos"]
[Date "2002.07.29"]
[Round "6.7"]
[White "Simon, Nandor"]
[Black "Kaposztas, Miklos"]
[Result "1/2-1/2"]
[WhiteElo "2115"]
[BlackElo "2236"]
[PlyCount "23"]
[EventDate "2002.08.04"]
[EventType "swiss"]
[EventRounds "9"]
[EventCountry "HUN"]
[SourceTitle "EXT 2004"]
[Source "ChessBase"]
[SourceDate "2003.11.25"]
[SourceVersion "1"]
[SourceVersionDate "2003.11.25"]
[SourceQuality "1"]

1. e4 c5 2. c3 g6 3. d4 cxd4 4. cxd4 d5 5. e5 Nc6 6. f4 Nh6 7. Nc3 Bg7 8. Be3 Ng4 9. Bc1 Nh6 10. Be3 Ng4 11. Bc1 Nh6 12. Be3 1/2-1/2

[Event "Gyongyos Matra op 25th"]
[Site "Gyongyos"]
[Date "2002.07.26"]
[Round "4.8"]
[White "Biro, Sandor"]
[Black "Simon, Nandor"]
[Result "0-1"]
[WhiteElo "2341"]
[BlackElo "2115"]
[PlyCount "68"]
[EventDate "2002.08.04"]
[EventType "swiss"]
[EventRounds "9"]
[EventCountry "HUN"]
[SourceTitle "EXT 2004"]
[Source "ChessBase"]
[SourceDate "2003.11.25"]
[SourceVersion "1"]
[SourceVersionDate "2003.11.25"]
[SourceQuality "1"]

1. e4 c5 2. c3 d5 3. exd5 Qxd5 4. d4 Nf6 5. Nf3 Bg4 6. Be2 e6 7. h3 Bh5 8. 0-0 Be7 9. Na3 0-0 10. Nb5 Na6 11. c4 Qd8 12. a3 Nc7 13. Nxc7 Qxc7 14. dxc5 Rfd8 15. Qb3 Bxc5 16. Be3 Ne4 17. Rad1 h6 18. Rfe1 a6 19. Bf1 Ng5 20. Rxd8+ Rxd8 21. Nxg5 hxg5 22. Bxg5 Qa5 23. Re5 f6 24. Rxc5 Qxc5 25. Be3 Qd6 26. Qxb7 Qd1 27. f3 Qe1 28. Bf2 Qb1 29. g4 Bg6 30. Kg2 Rd1 31. Be2 Rd2 32. Qc8+ Kh7 33. Qxe6 Qxb2 34. Kf1 Qc2 0-1

[Event "Infotozsde op 9th"]
[Site "Fuzesabony"]
[Date "2001.09.01"]
[Round "5.5"]
[White "Simon, Nandor"]
[Black "Somodi, Balazs"]
[Result "0-1"]
[WhiteElo "2171"]
[BlackElo "2072"]
[PlyCount "110"]
[EventDate "2001.08.31"]
[EventType "swiss"]
[EventRounds "7"]
[EventCountry "HUN"]
[SourceTitle "EXT 2004"]
[Source "ChessBase"]
[SourceDate "2003.11.25"]
[SourceVersion "1"]
[SourceVersionDate "2003.11.25"]
[SourceQuality "1"]

1. e4 c5 2. Nf3 d6 3. d4 cxd4 4. Nxd4 Nf6 5. Nc3 a6 6. Bc4 e6 7. Bb3 Nbd7 8. Be3 Nc5 9. f3 Be7 10. Qd2 Qc7 11. 0-0 0-0 12. Kh1 b5 13. Rac1 Bb7 14. Nce2 d5 15. exd5 Nxd5 16. Bf2 Bd6 17. Bg3 Bxg3 18. Nxg3 Rfd8 19. Qf2 Rac8 20. Nge2 Nf4 21. Rfd1 Nxe2 22. Qxe2 Qf4 23. c3 e5 24. Nc2 e4 25. Rxd8+ Rxd8 26. fxe4 Nxb3 27. axb3 Rd2 28. Rd1 Rxd1+ 29. Qxd1 h6 30. Qe2 Bxe4 31. h3 Qf5 32. Nd4 Qxh3+ 33. Kg1 Qh4 34. Nf3 Qg4 35. Kf2 Bxf3 36. gxf3 Qh4+ 37. Kg2 Qg5+ 38. Kh2 Qf4+ 39. Kg2 g5 40. c4 bxc4 41. bxc4 h5 42. c5 h4 43. Qf2 Kf8 44. b3 a5 45. Qe1 g4 46. fxg4 Qxg4+ 47. Kh2 Qg3+ 48. Qxg3 hxg3+ 49. Kxg3 Ke7 50. Kf4 Kd7 51. Ke5 Kc6 52. Kd4 f5 53. Kc4 f4 54. b4 axb4 55. Kxb4 f3 0-1

[Event "Infotozsde op 9th"]
[Site "Fuzesabony"]
[Date "2001.09.01"]
[Round "4.8"]
[White "Szabo, Leon"]
[Black "Simon, Nandor"]
[Result "0-1"]
[WhiteElo "2114"]
[BlackElo "2171"]
[PlyCount "64"]
[EventDate "2001.08.31"]
[EventType "swiss"]
[EventRounds "7"]
[EventCountry "HUN"]
[SourceTitle "EXT 2004"]
[Source "ChessBase"]
[SourceDate "2003.11.25"]
[SourceVersion "1"]
[SourceVersionDate "2003.11.25"]
[SourceQuality "1"]

1. e4 c5 2. c3 d6 3. d4 Nf6 4. dxc5 dxc5 5. Qxd8+ Kxd8 6. e5 Nfd7 7. f4 Nb6 8. Nf3 Be6 9. Ng5 Bd5 10. Nd2 f6 11. exf6 exf6 12. Ngf3 Bd6 13. g3 Re8+ 14. Kd1 g5 15. fxg5 fxg5 16. Bg2 N8d7 17. Re1 Kc7 18. b3 Ne5 19. Ba3 Ng4 20. Nf1 Rf8 21. N1d2 Nxh2 22. Nxh2 Bxg2 23. Rg1 Rf2 24. Ng4 Bf3+ 25. Nxf3 Rxf3 26. Kd2 Rd8 27. Kc2 Nd5 28. c4 Nb4+ 29. Bxb4 cxb4 30. Rad1 h5 31. Nh6 Rh8 32. Rh1 Rxh6 0-1

[Event "Heves Fregatt op 4th"]
[Site "Heves"]
[Date "2001.06.16"]
[Round "4.3"]
[White "Foldi, Istvan"]
[Black "Simon, Nandor"]
[Result "1-0"]
[WhiteElo "2360"]
[BlackElo "2148"]
[PlyCount "45"]
[EventDate "2001.06.16"]
[EventType "swiss"]
[EventRounds "7"]
[EventCountry "HUN"]
[SourceTitle "EXT 2004"]
[Source "ChessBase"]
[SourceDate "2003.11.25"]
[SourceVersion "1"]
[SourceVersionDate "2003.11.25"]
[SourceQuality "1"]

1. c4 f5 2. d4 Nf6 3. g3 g6 4. Bg2 Bg7 5. Nf3 d6 6. 0-0 0-0 7. Nc3 c6 8. d5 e5 9. dxe6 Bxe6 10. Qd3 Kh8 11. Bf4 Ne8 12. Rab1 h6 13. h4 Na6 14. b4 Qf6 15. Rfc1 Nac7 16. b5 d5 17. cxd5 Nxd5 18. Be5 Qe7 19. bxc6 bxc6 20. Bxg7+ Qxg7 21. Nd4 Nec7 22. Nxd5 Bxd5 23. Bxd5 1-0

[Event "Heves Fregatt op 2nd"]
[Site "Heves"]
[Date "2001.05.12"]
[Round "4.11"]
[White "Simon, Nandor"]
[Black "Mizsei, Janos"]
[Result "0-1"]
[WhiteElo "2148"]
[BlackElo "1842"]
[PlyCount "84"]
[EventDate "2001.05.11"]
[EventType "swiss"]
[EventRounds "9"]
[EventCountry "HUN"]
[SourceTitle "EXT 2004"]
[Source "ChessBase"]
[SourceDate "2003.11.25"]
[SourceVersion "1"]
[SourceVersionDate "2003.11.25"]
[SourceQuality "1"]

1. e4 e6 2. d4 d5 3. Nc3 Nf6 4. Bg5 Bb4 5. e5 h6 6. Bd2 Bxc3 7. bxc3 Ne4 8. Be3 c5 9. Bd3 cxd4 10. cxd4 Qa5+ 11. Kf1 Bd7 12. Qg4 g6 13. Bxe4 dxe4 14. Qxe4 Bc6 15. Qh4 Nd7 16. Ne2 Nb6 17. f3 Nd5 18. Kf2 Qa3 19. Bd2 Ne7 20. Rhb1 g5 21. Qh5 Ng6 22. Nc3 Qa6 23. Ne4 Bxe4 24. fxe4 0-0-0 25. Be3 Qc6 26. Qf3 Nh4 27. Qg4 Qxc2+ 28. Kg1 Qd3 29. Rb3 Qa6 30. g3 Ng6 31. Qf3 Rd7 32. Bf2 Rhd8 33. Rc1+ Kb8 34. Ra3 Qb5 35. Qc3 a6 36. Ra5 Qe2 37. Re1 Qg4 38. h3 Qxh3 39. Qe3 Rxd4 40. Rd5 R8xd5 41. exd5 Nh4 42. gxh4 Rg4+ 0-1

[Event "HUN-chT2 Maroczy 0001"]
[Site "Hungary"]
[Date "2001.04.08"]
[Round "10"]
[White "Simon, Nandor"]
[Black "Szoboszlai, Zita"]
[Result "1-0"]
[WhiteElo "2129"]
[BlackElo "2117"]
[PlyCount "68"]
[EventDate "2000.11.26"]
[EventType "team"]
[EventRounds "11"]
[EventCountry "HUN"]
[SourceTitle "EXT 2007"]
[Source "ChessBase"]
[SourceDate "2006.11.23"]
[SourceVersion "1"]
[SourceVersionDate "2006.11.23"]
[SourceQuality "1"]
[WhiteTeam "Sarospatak II"]
[BlackTeam "Edeleny"]
[WhiteTeamCountry "HUN"]
[BlackTeamCountry "HUN"]

1. f4 d6 2. Nf3 g6 3. d4 Bg7 4. e4 c6 5. Nc3 Qc7 6. e5 d5 7. h3 h5 8. Be3 Nh6 9. g3 b6 10. Qd2 e6 11. Bd3 Ba6 12. Ke2 c5 13. Bxa6 Nxa6 14. Rag1 0-0-0 15. g4 hxg4 16. hxg4 f5 17. exf6 Bxf6 18. f5 cxd4 19. Nxd4 Bxd4 20. Qxd4 e5 21. Nxd5 Qxc2+ 22. Qd2 Qc4+ 23. Qd3 Qxd3+ 24. Kxd3 gxf5 25. gxf5 Nxf5 26. Rxh8 Rxh8 27. Ke4 Nxe3 28. Nxe3 Re8 29. Rg7 Nc5+ 30. Kd5 a5 31. Nc4 Rd8+ 32. Kc6 Re8 33. Nxb6+ Kd8 34. Kxc5 e4 1-0

[Event "Infotozsde Cup Black Gr 8th"]
[Site "Heves"]
[Date "2001.02.18"]
[Round "3"]
[White "Simon, Nandor"]
[Black "Suto, Gabor"]
[Result "1/2-1/2"]
[WhiteElo "2148"]
[BlackElo "2296"]
[PlyCount "77"]
[EventDate "2001.02.16"]
[EventType "tourn"]
[EventRounds "9"]
[EventCountry "HUN"]
[SourceTitle "EXT 2004"]
[Source "ChessBase"]
[SourceDate "2003.11.25"]
[SourceVersion "1"]
[SourceVersionDate "2003.11.25"]
[SourceQuality "1"]

1. e4 c5 2. Nf3 e6 3. c3 Nf6 4. e5 Nd5 5. d4 cxd4 6. cxd4 Nc6 7. Bc4 Nb6 8. Bb3 d5 9. 0-0 Be7 10. Nc3 0-0 11. Be3 f5 12. exf6 Bxf6 13. Rc1 Bd7 14. Re1 Ne7 15. Bg5 Ng6 16. Qd2 Rc8 17. Ne2 Bxg5 18. Qxg5 Qf6 19. Rc3 Rxc3 20. Nxc3 Nf4 21. Re3 Rc8 22. h4 a5 23. Ne5 Be8 24. a3 Nd7 25. Kh2 Nxe5 26. Rxe5 Qxg5 27. hxg5 Bd7 28. Re3 b5 29. g3 Ng6 30. f4 Ne7 31. g4 g6 32. Kg3 Kf7 33. Kf2 b4 34. Na4 Bxa4 35. Bxa4 Rc7 36. axb4 axb4 37. Rh3 Kg7 38. Re3 Kf7 39. Rh3 1/2-1/2

[Event "HUN-chT2 Maroczy 0001"]
[Site "Hungary"]
[Date "2001.01.14"]
[Round "4"]
[White "Lorinczy, Laszlo"]
[Black "Simon, Nandor"]
[Result "0-1"]
[WhiteElo "2036"]
[BlackElo "2129"]
[PlyCount "109"]
[EventDate "2000.11.26"]
[EventType "team"]
[EventRounds "11"]
[EventCountry "HUN"]
[SourceTitle "EXT 2007"]
[Source "ChessBase"]
[SourceDate "2006.11.23"]
[SourceVersion "1"]
[SourceVersionDate "2006.11.23"]
[SourceQuality "1"]
[WhiteTeam "Ujszasz"]
[BlackTeam "Sarospatak II"]
[WhiteTeamCountry "HUN"]
[BlackTeamCountry "HUN"]

1. d4 f5 2. c4 Nf6 3. Nc3 g6 4. g3 Bg7 5. Bg2 d6 6. Nf3 c6 7. 0-0 0-0 8. Qc2 Qe8 9. d5 e5 10. dxe6 Bxe6 11. b3 d5 12. cxd5 Nxd5 13. Bb2 Nb4 14. Qd2 N8a6 15. Na4 Rd8 16. Qc1 Qe7 17. Bxg7 Qxg7 18. Nc5 Bd5 19. Nxa6 Nxa6 20. e3 Rd6 21. Nd4 Bxg2 22. Kxg2 Qe5 23. Qc4+ Kg7 24. Nf3 Qf6 25. Rfd1 Rfd8 26. Rxd6 Rxd6 27. Rc1 Rd5 28. Qc3 Qxc3 29. Rxc3 Kf6 30. Nd4 Nc5 31. f3 Ne6 32. Nxe6 Rd2+ 33. Kh3 Kxe6 34. a3 Rf2 35. f4 Ra2 36. b4 Kd5 37. Rd3+ Kc4 38. Rd7 Rxa3 39. Rxb7 h6 40. Rg7 Kxb4 41. Rxg6 c5 42. e4 fxe4 43. f5 Rf3 44. Kg4 h5+ 45. Kg5 c4 46. Re6 e3 47. f6 c3 48. Re4+ Kb3 49. Rf4 Rxf4 50. gxf4 e2 51. f7 e1Q 52. f8Q Qg1+ 53. Kxh5 Qxh2+ 54. Kg5 Qg3+ 55. Kf5 0-1

[Event "Heves Infotozsde Cup 6th"]
[Site "Heves"]
[Date "2000.10.13"]
[Round "8"]
[White "Restas, Peter"]
[Black "Simon, Nandor"]
[Result "1-0"]
[WhiteElo "2273"]
[BlackElo "2129"]
[PlyCount "61"]
[EventDate "2000.??.??"]
[EventType "tourn"]
[EventRounds "11"]
[EventCountry "HUN"]
[SourceTitle "EXT 2004"]
[Source "ChessBase"]
[SourceDate "2003.11.25"]
[SourceVersion "1"]
[SourceVersionDate "2003.11.25"]
[SourceQuality "1"]

1. d4 Nf6 2. Nf3 g6 3. c4 c5 4. Nc3 cxd4 5. Nxd4 Nc6 6. e4 Nxd4 7. Qxd4 d6 8. Bg5 Bg7 9. Qd2 0-0 10. Be2 Be6 11. 0-0 Rc8 12. b3 Qa5 13. Rac1 Rfe8 14. f3 a6 15. Rc2 Rc7 16. Be3 Nd7 17. Rb1 Qe5 18. f4 Qf6 19. Rf1 Nb8 20. f5 gxf5 21. exf5 Bxf5 22. Nd5 Qe5 23. Nxc7 Rc8 24. Rxf5 Qxf5 25. Nd5 Nc6 26. Rc1 e6 27. Rf1 Qe5 28. Nf4 Nb4 29. Nh5 Nc2 30. Bf4 Qd4+ 31. Kh1 1-0

[Event "Heves Infotozsde Cup 6th"]
[Site "Heves"]
[Date "2000.10.08"]
[Round "3"]
[White "Simon, Nandor"]
[Black "Gacso, Tibor"]
[Result "1-0"]
[WhiteElo "2125"]
[BlackElo "2120"]
[PlyCount "67"]
[EventDate "2000.??.??"]
[EventType "tourn"]
[EventRounds "11"]
[EventCountry "HUN"]
[SourceTitle "EXT 2004"]
[Source "ChessBase"]
[SourceDate "2003.11.25"]
[SourceVersion "1"]
[SourceVersionDate "2003.11.25"]
[SourceQuality "1"]

1. e4 e5 2. f4 exf4 3. Bc4 Nf6 4. Nc3 c6 5. Bb3 d5 6. exd5 cxd5 7. d4 Bd6 8. Nf3 0-0 9. 0-0 Nc6 10. Nxd5 Nxd5 11. Bxd5 g5 12. Kh1 Bf5 13. a3 Qf6 14. c4 Rae8 15. c5 Bb8 16. Ba2 g4 17. Ne5 Nxe5 18. dxe5 Bxe5 19. Bxf4 Qg6 20. Qd2 Bxf4 21. Rxf4 Re5 22. Raf1 Be6 23. Qd4 Rf5 24. Rxf5 Bxf5 25. Qe5 Be6 26. Bb1 Qh6 27. Be4 Bc4 28. Rf4 Be2 29. Bf3 Bxf3 30. gxf3 f5 31. fxg4 Qc6+ 32. Kg1 Re8 33. Qxf5 Re1+ 34. Kf2 1-0

[Event "Zemplen Cup-A 10th"]
[Site "Sarospatak"]
[Date "2000.06.30"]
[Round "1.5"]
[White "Kotan, Ladislav"]
[Black "Simon, Nandor"]
[Result "1-0"]
[WhiteElo "2369"]
[BlackElo "2129"]
[PlyCount "61"]
[EventDate "2000.07.02"]
[EventType "swiss"]
[EventRounds "9"]
[EventCountry "HUN"]
[SourceTitle "EXT 2004"]
[Source "ChessBase"]
[SourceDate "2003.11.25"]
[SourceVersion "1"]
[SourceVersionDate "2003.11.25"]
[SourceQuality "1"]

1. e4 c5 2. Nf3 Nc6 3. Bb5 g6 4. 0-0 Bg7 5. Re1 Nf6 6. e5 Nd5 7. Nc3 Nc7 8. Bxc6 dxc6 9. Ne4 Ne6 10. d3 Qc7 11. Be3 b6 12. Qc1 Bxe5 13. Nxe5 Qxe5 14. Bh6 Qh5 15. a4 f5 16. Bg7 Rg8 17. Ng3 Qg4 18. Bc3 h5 19. f3 Qh4 20. Qh6 Bd7 21. Re5 0-0-0 22. Rae1 Nd4 23. Qd2 e6 24. a5 Nb5 25. axb6 axb6 26. Ra1 Kb7 27. Ree1 g5 28. Be5 f4 29. Ne4 Rg6 30. c4 Nd4 31. Nd6+ 1-0

[Event "HUN-ch U20"]
[Site "Paks"]
[Date "1999.03.31"]
[Round "5"]
[White "Simon, Nandor"]
[Black "Csizmadia, Laszlo"]
[Result "1/2-1/2"]
[WhiteElo "2101"]
[BlackElo "2269"]
[PlyCount "26"]
[EventDate "1999.03.27"]
[EventType "tourn"]
[EventRounds "9"]
[EventCountry "HUN"]
[SourceTitle "EXT 2004"]
[Source "ChessBase"]
[SourceDate "2003.11.25"]
[SourceVersion "1"]
[SourceVersionDate "2003.11.25"]
[SourceQuality "1"]

1. e4 e6 2. d4 d5 3. Nc3 Nf6 4. Bg5 Be7 5. e5 Nfd7 6. h4 c5 7. Bxe7 Kxe7 8. f4 Qb6 9. Nf3 Qxb2 10. Nb5 a6 11. Rb1 Qxa2 12. Ra1 Qb2 13. Rb1 Qa2 1/2-1/2